01614 a2200169 45000010006000000050017000060080041000230030015000640400040000790800084001192450080002032640051002833000019003345051056003531000019014097000016014285902520260407155845.0260407a1956 arg spa dAR-UNSa-BCEJYS aAR-UNSa-BCEJYSbspacAR-UNSa-BCEJYS a338.1xSituación económica. Ciclos. Desarrollo de la estructura económica10aDinámica del ciclo económicopEstudio de las fluctuaciones económicas 1aMéxico :bFondo de Cultura Económicac1956 a387 p.c22 cm. aParte I: Descripción: 1. Introducción: tipos de movimiento – 2. Desarrollos a largo plazo – 3. Interrupciones y cambios estructurales repentinos – 4. Movimientos cíclicos – 5. Fluctuaciones estacionales – 6. Movimientos fortuitos – 7. Diferencias entre países – 8. Las fluctuaciones de los mercados individuales – Parte II: La explicación de las fluctuaciones económicas: 9. Estática económica y dinámica económica – 10. El proceso del desarrollo a largo plazo – 11. Periodos de guerra e inflación – 12. Los grandes ciclos – 13. Fluctuaciones del ciclo económico – 14. Los movimientos cíclicos en los mercados individuales – 15. Movimientos exógenos – 16. Recapitulación teórica – Parte III: Política anticíclica: 17. Objetivos de la política de tendencia y de la política anticíclica – 18. Políticas indirectas: Política impositiva – 19. Políticas indirectas: Otras formas – 20. Políticas directas: Políticas de gasto – 21. Políticas directas: Otras formas1 aTinbergen, Jan1 aPolak, J.J.